[Event "Novi Banovci op"]
[Site "Novi Banovci"]
[Date "2024.08.06"]
[Round "8"]
[White "Anand, Batsukh"]
[Black "Aayush, Bhattacherjee"]
[Result "1/2-1/2"]
[WhiteElo "2280"]
[BlackElo "2345"]
[PlyCount "44"]
[EventDate "2024.08.02"]
[EventType "swiss"]
[EventRounds "9"]
[EventCountry "SRB"]
[SourceTitle "CBM 221 Extra"]
[Source "ChessBase"]
[SourceDate "2024.09.30"]
[SourceVersion "1"]
[SourceVersionDate "2024.09.30"]
[SourceQuality "1"]

1. Nf3 d5 2. g3 f5 3. d3 Nf6 4. Bg2 g6 5. 0-0 Bg7 6. Nbd2 0-0 7. Ne5 c5 8. e4 Nxe4 9. dxe4 Bxe5 10. exd5 Bg7 11. Nc4 Nd7 12. Re1 Nb6 13. Ne5 Nd7 14. Bf4 Nxe5 15. Bxe5 Bxe5 16. Rxe5 f4 17. Qe2 Qd6 18. Re1 Bd7 19. Rxe7 Rae8 20. Rxe8 Rxe8 21. Qd2 Rxe1+ 22. Qxe1 b6 1/2-1/2

[Event "Novi Banovci op"]
[Site "Novi Banovci"]
[Date "2024.08.05"]
[Round "6"]
[White "Dimitrov, Radoslav"]
[Black "Aayush, Bhattacherjee"]
[Result "0-1"]
[WhiteElo "2481"]
[BlackElo "2345"]
[PlyCount "74"]
[EventDate "2024.08.02"]
[EventType "swiss"]
[EventRounds "9"]
[EventCountry "SRB"]
[SourceTitle "CBM 221 Extra"]
[Source "ChessBase"]
[SourceDate "2024.09.30"]
[SourceVersion "1"]
[SourceVersionDate "2024.09.30"]
[SourceQuality "1"]

1. Nf3 Nf6 2. g3 d5 3. c4 e6 4. Bg2 g6 5. d4 Bg7 6. Nc3 0-0 7. 0-0 b6 8. Bg5 Bb7 9. Ne5 c6 10. e4 dxc4 11. Nxc4 Ba6 12. b3 b5 13. e5 bxc4 14. Ne4 h6 15. Nxf6+ Bxf6 16. Bxf6 Qc7 17. bxc4 Bxc4 18. Re1 Bd5 19. Qc1 Kh7 20. Bxd5 exd5 21. e6 fxe6 22. Rxe6 Rf7 23. Qa3 Nd7 24. Re7 Raf8 25. Rae1 c5 26. R1e6 Qb8 27. Qd3 c4 28. Qc2 Nxf6 29. Rxf6 Rxe7 30. Qxg6+ Kh8 31. Qxh6+ Kg8 32. Qg5+ Rg7 33. Qxd5+ Rff7 34. Qxc4 Qd8 35. Rc6 Qd7 36. Rc8+ Kh7 37. Qc2+ Qf5 0-1

[Event "Titled Tuesday intern op 09th Apr Early"]
[Site "Chess.com INT"]
[Date "2024.04.09"]
[Round "5"]
[White "Aayush, Bhattacherjee"]
[Black "Postnikov, Artem"]
[Result "1-0"]
[WhiteElo "2347"]
[BlackElo "2176"]
[PlyCount "89"]
[EventDate "2024.04.09"]
[EventType "swiss (blitz)"]
[EventRounds "11"]
[EventCountry "USA"]
[SourceTitle "EXT 2025"]
[Source "ChessBase"]
[SourceDate "2024.10.14"]
[SourceVersion "1"]
[SourceVersionDate "2024.10.14"]
[SourceQuality "1"]

1. e4 e6 2. Nf3 d5 3. e5 c5 4. d4 Nc6 5. c3 Qb6 6. a3 cxd4 7. cxd4 Nh6 8. Nc3 Nf5 9. Bb5 Bd7 10. Bxc6 bxc6 11. 0-0 c5 12. dxc5 Bxc5 13. b4 Be7 14. Na4 Qb5 15. Nc3 Qc4 16. Bb2 Rc8 17. Rc1 Qg4 18. h3 Qg6 19. Qd3 0-0 20. Nb5 a6 21. Na7 Ra8 22. Nc6 Rfc8 23. Nxe7+ Nxe7 24. Rxc8+ Rxc8 25. Qxa6 h6 26. Bd4 Rc4 27. Qa7 Nf5 28. Qxd7 Nxd4 29. Nxd4 Rxd4 30. b5 Qe4 31. Qe8+ Kh7 32. Qxf7 Qxe5 33. b6 Rd2 34. b7 Rb2 35. a4 d4 36. a5 Qxa5 37. Qxe6 d3 38. Qe4+ Kh8 39. Qe8+ Kh7 40. b8Q Rxb8 41. Qxb8 d2 42. Qb1+ Kh8 43. Qd3 Qa2 44. Rd1 Qf7 45. Qd8+ 1-0

[Event "Portimao op"]
[Site "Portimao"]
[Date "2024.02.16"]
[Round "7"]
[White "Aayush, Bhattacherjee"]
[Black "Povshednyi, Ivan"]
[Result "0-1"]
[WhiteElo "2410"]
[BlackElo "2169"]
[PlyCount "98"]
[EventDate "2024.02.11"]
[EventType "swiss"]
[EventRounds "9"]
[EventCountry "POR"]
[SourceTitle "CBM 218 Extra"]
[Source "ChessBase"]
[SourceDate "2024.03.31"]
[SourceVersion "1"]
[SourceVersionDate "2024.03.31"]
[SourceQuality "1"]

1. e4 c5 2. Nf3 Nc6 3. d4 cxd4 4. Nxd4 Nf6 5. Nc3 d6 6. Bg5 e6 7. Qd2 a6 8. Be2 Be7 9. 0-0-0 Bd7 10. f3 Nxd4 11. Qxd4 Qc7 12. Qc4 Qxc4 13. Bxc4 b5 14. Bd3 Bc6 15. a3 Nd7 16. Bxe7 Kxe7 17. Rhe1 Rac8 18. Nd5+ Bxd5 19. exd5 e5 20. Bf5 g6 21. Bxd7 Kxd7 22. Re2 f5 23. b4 a5 24. Kb2 Rc4 25. c3 a4 26. Rdd2 g5 27. g3 h5 28. h4 g4 29. Re3 f4 30. Red3 fxg3 31. Rg2 Rf8 32. Rxg3 e4 33. fxe4 Rf2+ 34. Kc1 Rxe4 35. Rd2 Re1+ 36. Kc2 Rxd2+ 37. Kxd2 Rh1 38. Ke3 Rxh4 39. Kf4 Rh3 40. Rg2 Rxc3 41. Kg5 Rxa3 42. Kxh5 g3 43. Kg5 Rb3 44. Kf6 Rf3+ 45. Kg6 a3 46. Kg5 Rb3 47. Kf6 Rxb4 48. Rxg3 Rf4+ 49. Kg5 a2 0-1

[Event "Brcko Velemajstor CC 1st"]
[Site "Brcko"]
[Date "2023.03.28"]
[Round "5"]
[White "Lazarev, Vladimir"]
[Black "Aayush, Bhattacherjee"]
[Result "1/2-1/2"]
[WhiteElo "2479"]
[BlackElo "2236"]
[PlyCount "32"]
[EventDate "2023.03.26"]
[EventType "tourn"]
[EventRounds "9"]
[EventCountry "BIH"]
[SourceTitle "CBM 213 Extra"]
[Source "ChessBase"]
[SourceDate "2023.05.31"]
[SourceVersion "1"]
[SourceVersionDate "2023.05.31"]
[SourceQuality "1"]

1. d4 d5 2. c4 e6 3. Nf3 Nf6 4. Nc3 Be7 5. Bg5 h6 6. Bh4 Nbd7 7. e3 0-0 8. Bd3 dxc4 9. Bxc4 Nb6 10. Be2 Nbd5 11. Qb3 Nxc3 12. Qxc3 Nd5 13. Bxe7 Qxe7 14. Qb3 b6 15. 0-0 Bb7 16. Rfd1 c5 1/2-1/2

[Event "Arandjelovac ASK-4 IM"]
[Site "Arandjelovac"]
[Date "2022.02.08"]
[Round "2"]
[White "Aayush, Bhattacherjee"]
[Black "Lazov, Toni"]
[Result "0-1"]
[WhiteElo "2153"]
[BlackElo "2388"]
[PlyCount "74"]
[EventDate "2022.02.07"]
[EventType "swiss"]
[EventRounds "9"]
[EventCountry "SRB"]
[SourceTitle "CBM 206 Extra"]
[Source "ChessBase"]
[SourceDate "2022.03.31"]
[SourceVersion "1"]
[SourceVersionDate "2022.03.31"]
[SourceQuality "1"]

1. d4 Nf6 2. Nf3 g6 3. c4 Bg7 4. Nc3 0-0 5. e4 d6 6. Be2 Nbd7 7. 0-0 e5 8. dxe5 dxe5 9. Qc2 c6 10. b3 Re8 11. Rd1 Qe7 12. a4 a5 13. Ba3 Nc5 14. Ne1 h5 15. Nd3 Nfd7 16. Rab1 Bf8 17. Nxc5 Nxc5 18. Bf3 Qf6 19. Bc1 h4 20. Qd2 Ne6 21. Bg4 Bb4 22. Bxe6 Bxe6 23. Qe3 h3 24. Ne2 hxg2 25. Qg3 Qh8 26. Bb2 Qh5 27. Nc3 Bg4 28. Rd3 Red8 29. Na2 Rxd3 30. Qxd3 Bc5 31. Qg3 Bf3 32. Re1 f6 33. Bc1 Rd8 34. Be3 Bxe3 35. fxe3 Rd3 36. Nc1 Rd2 37. h3 Bxe4 0-1

[Event "Arandjelovac ASK-1 IM"]
[Site "Arandjelovac"]
[Date "2021.10.17"]
[Round "4"]
[White "Aayush, Bhattacherjee"]
[Black "Mustafayev, Farid Farman Oglu"]
[Result "0-1"]
[WhiteElo "1956"]
[BlackElo "2319"]
[PlyCount "116"]
[EventDate "2021.10.15"]
[EventType "tourn"]
[EventRounds "9"]
[EventCountry "SRB"]
[EventCategory "1"]
[SourceTitle "EXT 2023"]
[Source "ChessBase"]
[SourceDate "2022.10.05"]
[SourceVersion "1"]
[SourceVersionDate "2022.10.05"]
[SourceQuality "1"]

1. d4 Nf6 2. Nf3 g6 3. c4 Bg7 4. Nc3 d6 5. e4 0-0 6. Be2 e5 7. dxe5 dxe5 8. Qxd8 Rxd8 9. Bg5 Re8 10. 0-0 c6 11. Rad1 h6 12. Be3 Nbd7 13. h3 Bf8 14. Bd3 b6 15. Rfe1 Nc5 16. Bc2 Ba6 17. b3 Kg7 18. Bc1 Nh7 19. Bb2 f6 20. Rd2 Ne6 21. Red1 Be7 22. Ne2 Nhf8 23. Nc3 Kf7 24. g3 Rad8 25. Rxd8 Nxd8 26. h4 Nde6 27. Kg2 Rc8 28. Rb1 Rc7 29. Bc1 h5 30. Be3 Bb4 31. Ne2 Bb7 32. Nc1 c5 33. Nd3 Bc3 34. Rc1 Bd4 35. Bxd4 cxd4 36. Nd2 Nd7 37. f3 Ke7 38. Nb4 Rc8 39. Rf1 Kf7 40. Bd3 a5 41. Nd5 Nec5 42. Be2 Bxd5 43. exd5 d3 44. Bd1 f5 45. Kf2 Re8 46. Re1 Nf6 47. Ke3 b5 48. Kf2 b4 49. Re3 e4 50. f4 Ke7 51. Re1 Kd6 52. Ke3 Ra8 53. Kd4 Nfd7 54. Nf1 a4 55. Ne3 axb3 56. Bxb3 Nxb3+ 57. axb3 Nc5 58. Rb1 Ra1 0-1

[Event "Arandjelovac Mix"]
[Site "Arandjelovac"]
[Date "2021.10.07"]
[Round "8"]
[White "Gungl, Theo"]
[Black "Aayush, Bhattacherjee"]
[Result "1/2-1/2"]
[WhiteElo "2370"]
[BlackElo "1956"]
[PlyCount "53"]
[EventDate "2021.10.02"]
[EventType "swiss"]
[EventRounds "10"]
[EventCountry "SRB"]
[SourceTitle "CBM 204 Extra"]
[Source "ChessBase"]
[SourceDate "2021.11.30"]
[SourceVersion "1"]
[SourceVersionDate "2021.11.30"]
[SourceQuality "1"]

1. e4 e6 2. d4 d5 3. Nd2 dxe4 4. Nxe4 Nd7 5. g3 Ngf6 6. Nxf6+ Nxf6 7. Bg2 c5 8. Nf3 Qb6 9. 0-0 Bd7 10. c3 Bc6 11. Ne5 Bxg2 12. Kxg2 Qa6 13. dxc5 Bxc5 14. Bg5 Bd6 15. Bxf6 gxf6 16. Ng4 Qc6+ 17. Qf3 Qxf3+ 18. Kxf3 Ke7 19. Rad1 Rad8 20. Rd2 Bc7 21. Rfd1 Rxd2 22. Rxd2 f5 23. Ne3 Rd8 24. Rxd8 Kxd8 25. Nc2 Ke7 26. h3 h5 27. Ne3 1/2-1/2

[Event "Arandjelovac Mix"]
[Site "Arandjelovac"]
[Date "2021.10.04"]
[Round "3"]
[White "Raahul, VS."]
[Black "Aayush, Bhattacherjee"]
[Result "1-0"]
[WhiteElo "2344"]
[BlackElo "1956"]
[PlyCount "55"]
[EventDate "2021.10.02"]
[EventType "swiss"]
[EventRounds "10"]
[EventCountry "SRB"]
[SourceTitle "CBM 204 Extra"]
[Source "ChessBase"]
[SourceDate "2021.11.30"]
[SourceVersion "1"]
[SourceVersionDate "2021.11.30"]
[SourceQuality "1"]

1. b3 d5 2. Bb2 Bf5 3. d3 Nf6 4. Nd2 e6 5. g3 Bc5 6. e3 Nc6 7. Ngf3 0-0 8. Bg2 Qe7 9. 0-0 Rad8 10. a3 a5 11. d4 Bd6 12. c4 b6 13. Nh4 Bg6 14. f4 Bd3 15. Re1 Ne4 16. Rc1 Nb8 17. Ndf3 dxc4 18. bxc4 Bxa3 19. Bxa3 Qxa3 20. Ne5 f5 21. Qxd3 Qxd3 22. Nxd3 c5 23. Nf2 Nxf2 24. Kxf2 cxd4 25. exd4 Rxd4 26. Rxe6 Nd7 27. Bd5 Kh8 28. Ke3 1-0

[Event "Budapest Vezerkepzo IM 9th"]
[Site "Budapest"]
[Date "2021.09.22"]
[Round "8"]
[White "Aayush, Bhattacherjee"]
[Black "Farkas, Gabor"]
[Result "1/2-1/2"]
[WhiteElo "2070"]
[BlackElo "2361"]
[PlyCount "97"]
[EventDate "2021.09.15"]
[EventType "tourn"]
[EventRounds "9"]
[EventCountry "HUN"]
[SourceTitle "EXT 2022"]
[Source "ChessBase"]
[SourceDate "2021.10.06"]
[SourceVersion "1"]
[SourceVersionDate "2021.10.06"]
[SourceQuality "1"]

1. e4 c5 2. Nf3 e6 3. d4 cxd4 4. Nxd4 Nc6 5. Nb3 Nf6 6. Bd3 d5 7. exd5 Nxd5 8. c3 Bd6 9. Qh5 h6 10. 0-0 Nf6 11. Qe2 0-0 12. Be3 Ne5 13. Bc2 Neg4 14. h3 Nxe3 15. Qxe3 Qc7 16. N1d2 Rd8 17. Ne4 Nd5 18. Qf3 Be7 19. Rad1 b6 20. Rfe1 Bb7 21. Nd4 a6 22. Qg3 Qxg3 23. Nxg3 Nf6 24. Nde2 Bd6 25. a3 Rd7 26. Nf1 Rad8 27. Rd4 e5 28. Rd2 Ne4 29. Bxe4 Bxe4 30. Red1 Bc6 31. Ne3 Ba4 32. Rb1 Bb3 33. Nc1 Be6 34. Ne2 f5 35. Rbd1 Bb3 36. Nc2 b5 37. Nc1 Bxc2 38. Rxc2 Bc5 39. Rxd7 Rxd7 40. Kf1 Rd1+ 41. Ke2 Rg1 42. Nd3 Bd6 43. Ne1 Kf7 44. c4 Ke6 45. c5 Be7 46. Rd2 e4 47. c6 Bd6 48. Rc2 Be7 49. Rd2 1/2-1/2

[Event "Budapest Vezerkepzo IM 9th"]
[Site "Budapest"]
[Date "2021.09.17"]
[Round "4"]
[White "Mayank, Chakraborty"]
[Black "Aayush, Bhattacherjee"]
[Result "1/2-1/2"]
[WhiteElo "2028"]
[BlackElo "2070"]
[PlyCount "61"]
[EventDate "2021.09.15"]
[EventType "tourn"]
[EventRounds "9"]
[EventCountry "HUN"]
[SourceTitle "EXT 2022"]
[Source "ChessBase"]
[SourceDate "2021.10.06"]
[SourceVersion "1"]
[SourceVersionDate "2021.10.06"]
[SourceQuality "1"]

1. e4 c5 2. Nc3 Nc6 3. f4 e6 4. Nf3 a6 5. g3 g6 6. Bg2 Bg7 7. 0-0 d6 8. Ne2 Nge7 9. c3 0-0 10. d4 cxd4 11. cxd4 d5 12. e5 Qb6 13. b3 Bd7 14. Qd2 Rac8 15. Ba3 Rfe8 16. Rac1 Bf8 17. g4 Qa5 18. Bc5 b5 19. Rc2 Qxd2 20. Rxd2 Na5 21. Nc1 Nb7 22. Nd3 Nc6 23. Bxf8 Rxf8 24. b4 Ne7 25. Nc5 Nxc5 26. bxc5 Nc6 27. g5 Na5 28. Rb1 Rb8 29. Bf1 Rb7 30. Ne1 Rfb8 31. Rdb2 1/2-1/2

[Event "Budapest Vezerkepzo IM 9th"]
[Site "Budapest"]
[Date "2021.09.15"]
[Round "1"]
[White "Aayush, Bhattacherjee"]
[Black "Nemeth, Zoltan"]
[Result "0-1"]
[WhiteElo "2070"]
[BlackElo "2229"]
[PlyCount "92"]
[EventDate "2021.09.15"]
[EventType "tourn"]
[EventRounds "9"]
[EventCountry "HUN"]
[SourceTitle "EXT 2022"]
[Source "ChessBase"]
[SourceDate "2021.10.06"]
[SourceVersion "1"]
[SourceVersionDate "2021.10.06"]
[SourceQuality "1"]

1. e4 c5 2. Nf3 e6 3. d4 cxd4 4. Nxd4 Nc6 5. Nxc6 bxc6 6. Bd3 Nf6 7. Qe2 d5 8. Nd2 Be7 9. c3 a5 10. 0-0 0-0 11. Rd1 Qc7 12. Nf3 Nd7 13. exd5 cxd5 14. Bg5 Bd6 15. c4 dxc4 16. Bxc4 Bb7 17. Bb5 Ne5 18. Nxe5 Bxe5 19. Rd7 Qb8 20. f4 Bd6 21. Rd1 Bd5 22. a4 Bxf4 23. Bxf4 Qxf4 24. Rf1 Qg5 25. Qf2 Qg6 26. h3 Rac8 27. Rd1 Rc2 28. Rd2 Rc1+ 29. Kh2 Qg5 30. Re2 Bxg2 31. Qxg2 Qf4+ 32. Qg3 Rh1+ 33. Kxh1 Qxg3 34. Rd3 Qf4 35. Kg2 g6 36. Rf3 Qc7 37. Ref2 Rd8 38. Rc3 Qe5 39. Rcf3 Qg5+ 40. Rg3 Qd5+ 41. Kh2 Rc8 42. Rd3 Qe5+ 43. Kg2 Rc5 44. Rd8+ Kg7 45. Rd7 Qg5+ 46. Kh2 Rf5 0-1

[Event "Budapest Vezerkepzo IM 8th"]
[Site "Budapest"]
[Date "2021.08.28"]
[Round "9"]
[White "Aayush, Bhattacherjee"]
[Black "Lyell, Mark"]
[Result "0-1"]
[WhiteElo "2180"]
[BlackElo "2159"]
[PlyCount "62"]
[EventDate "2021.08.21"]
[EventType "swiss"]
[EventRounds "10"]
[EventCountry "HUN"]
[SourceTitle "CBM 204 Extra"]
[Source "ChessBase"]
[SourceDate "2021.11.30"]
[SourceVersion "1"]
[SourceVersionDate "2021.11.30"]
[SourceQuality "1"]

1. e4 c6 2. d4 d5 3. e5 Bf5 4. h4 Qb6 5. g4 Bd7 6. c3 h5 7. g5 e6 8. g6 f6 9. Qf3 c5 10. dxc5 Bxc5 11. b4 Be7 12. Be3 Qd8 13. Bd3 Nc6 14. Nd2 Nxe5 15. Qe2 Rc8 16. Bd4 Bd6 17. Ngf3 Qc7 18. Bb5 Ne7 19. Bxd7+ Kxd7 20. Qb5+ Qc6 21. a4 a6 22. Qxc6+ N7xc6 23. b5 Nxd4 24. cxd4 Nxf3+ 25. Nxf3 Bb4+ 26. Kd1 Rc3 27. Rh3 Rhc8 28. Rb1 a5 29. Rg3 Rc2 30. Rg2 R8c4 31. Rh2 Ra2 0-1

[Event "Budapest Vezerkepzo IM 8th"]
[Site "Budapest"]
[Date "2021.08.25"]
[Round "6"]
[White "Rohit, S3."]
[Black "Aayush, Bhattacherjee"]
[Result "1-0"]
[WhiteElo "2268"]
[BlackElo "2180"]
[PlyCount "77"]
[EventDate "2021.08.21"]
[EventType "swiss"]
[EventRounds "10"]
[EventCountry "HUN"]
[SourceTitle "CBM 204 Extra"]
[Source "ChessBase"]
[SourceDate "2021.11.30"]
[SourceVersion "1"]
[SourceVersionDate "2021.11.30"]
[SourceQuality "1"]

1. e4 e6 2. d4 d5 3. Nc3 dxe4 4. Nxe4 Nd7 5. Nf3 Ngf6 6. Nxf6+ Nxf6 7. g3 b6 8. Bb5+ Bd7 9. a4 a6 10. Be2 Bc6 11. 0-0 Bd6 12. Ne5 Bxe5 13. dxe5 Qd5 14. Qxd5 Nxd5 15. a5 b5 16. Bd2 0-0-0 17. Rfd1 Rd7 18. f3 Rhd8 19. Kf2 Ne7 20. Bb4 Rxd1 21. Rxd1 Rxd1 22. Bxd1 Kd7 23. Bxe7 Kxe7 24. Ke3 Kd7 25. Kd4 Kc8 26. Be2 Kb7 27. f4 g6 28. Kc5 Be4 29. c4 bxc4 30. Bxc4 Bf3 31. Bb3 Bc6 32. Bc2 Bd5 33. Ba4 Kc8 34. h4 Kd8 35. Bc6 Bb3 36. Bb7 Bc2 37. Bxa6 Be4 38. Bb5 Ba8 39. Bc6 1-0

[Event "Budapest Vezerkepzo IM 8th"]
[Site "Budapest"]
[Date "2021.08.21"]
[Round "1"]
[White "Aayush, Bhattacherjee"]
[Black "Novik, Maxim"]
[Result "0-1"]
[WhiteElo "2180"]
[BlackElo "2434"]
[PlyCount "82"]
[EventDate "2021.08.21"]
[EventType "swiss"]
[EventRounds "10"]
[EventCountry "HUN"]
[SourceTitle "CBM 204 Extra"]
[Source "ChessBase"]
[SourceDate "2021.11.30"]
[SourceVersion "1"]
[SourceVersionDate "2021.11.30"]
[SourceQuality "1"]

1. e4 c6 2. d4 d5 3. e5 Bf5 4. h4 Qb6 5. g4 Bd7 6. Nc3 h5 7. g5 g6 8. Nf3 Bg4 9. Be2 Bxf3 10. Bxf3 e6 11. Qd3 Ne7 12. Be3 Nd7 13. 0-0-0 Nf5 14. Be2 c5 15. dxc5 Bxc5 16. Bxc5 Qxc5 17. f4 Rc8 18. Qb5 a6 19. Qxc5 Nxc5 20. Bd3 Nxd3+ 21. Rxd3 Ke7 22. Ne2 Rc4 23. Kd2 Rhc8 24. c3 Re4 25. Rhh3 b5 26. a3 a5 27. b4 Rcc4 28. Rh2 Kd7 29. Rhh3 Kc6 30. Rh2 axb4 31. cxb4 d4 32. Rf3 Kd5 33. Rhh3 Re3 34. Rxe3 Nxe3 35. Kd3 Nd1 36. Kd2 Nf2 37. Rf3 Ne4+ 38. Kd1 Nc3+ 39. Nxc3+ Rxc3 40. Rxc3 dxc3 41. Kc1 Kd4 0-1

[Event "Budapest FS08 IM"]
[Site "Budapest"]
[Date "2021.08.17"]
[Round "10"]
[White "Royal, Shreyas"]
[Black "Aayush, Bhattacherjee"]
[Result "1-0"]
[WhiteElo "2296"]
[BlackElo "2180"]
[PlyCount "59"]
[EventDate "2021.08.07"]
[EventType "swiss"]
[EventRounds "10"]
[EventCountry "HUN"]
[SourceTitle "EXT 2022"]
[Source "ChessBase"]
[SourceDate "2021.10.06"]
[SourceVersion "1"]
[SourceVersionDate "2021.10.06"]
[SourceQuality "1"]

1. d4 d5 2. c4 e6 3. Nf3 Be7 4. g3 Nf6 5. Bg2 0-0 6. 0-0 dxc4 7. Qc2 a6 8. a4 Nc6 9. Qxc4 Qd5 10. Qxd5 exd5 11. Bf4 Bg4 12. Bxc7 Bxf3 13. exf3 Nxd4 14. Nc3 Bb4 15. Na2 Bc5 16. b4 Ba7 17. Be5 Ne2+ 18. Kh1 Nd7 19. Bd6 Rfe8 20. Rad1 Nb6 21. f4 Nxa4 22. Be5 Rac8 23. Bxd5 Nec3 24. Nxc3 Nxc3 25. Bxc3 Rxc3 26. Bxb7 Rc4 27. Rd7 Rd4 28. Bd5 Rf8 29. Rc1 Bb6 30. Rc6 1-0

[Event "Budapest FS08 IM"]
[Site "Budapest"]
[Date "2021.08.09"]
[Round "3"]
[White "Aayush, Bhattacherjee"]
[Black "Parkanyi, Attila"]
[Result "0-1"]
[WhiteElo "2180"]
[BlackElo "2243"]
[PlyCount "70"]
[EventDate "2021.08.07"]
[EventType "swiss"]
[EventRounds "10"]
[EventCountry "HUN"]
[SourceTitle "EXT 2022"]
[Source "ChessBase"]
[SourceDate "2021.10.06"]
[SourceVersion "1"]
[SourceVersionDate "2021.10.06"]
[SourceQuality "1"]

1. e4 c5 2. Nf3 Nc6 3. d4 cxd4 4. Nxd4 g6 5. Nc3 Bg7 6. Be3 Nf6 7. Bc4 Qa5 8. 0-0 0-0 9. f3 d6 10. Kh1 Bd7 11. Qe2 Rac8 12. Nxc6 Bxc6 13. Rab1 a6 14. Rfd1 Qh5 15. g4 Qa5 16. Bd4 e6 17. Qe3 h6 18. Bb3 Qd8 19. Kg1 Re8 20. Rd2 b5 21. Rbd1 Qe7 22. Qf2 b4 23. Na4 Bb5 24. Be3 d5 25. Nb6 Rc6 26. exd5 exd5 27. Bd4 Qc7 28. Bxf6 Rxb6 29. Bxg7 Kxg7 30. Bxd5 Rf6 31. Qd4 a5 32. Be4 Qf4 33. Qf2 Re5 34. Qg3 Qe3+ 35. Qf2 Rxe4 0-1

[Event "Budapest Vezerkepzo IM 7th"]
[Site "Budapest"]
[Date "2021.08.01"]
[Round "5"]
[White "Aayush, Bhattacherjee"]
[Black "Jakab, Attila"]
[Result "1/2-1/2"]
[WhiteElo "2180"]
[BlackElo "2339"]
[PlyCount "53"]
[EventDate "2021.07.29"]
[EventType "tourn"]
[EventRounds "11"]
[EventCountry "HUN"]
[EventCategory "1"]
[SourceTitle "CBM 203 Extra"]
[Source "ChessBase"]
[SourceDate "2021.09.30"]
[SourceVersion "1"]
[SourceVersionDate "2021.09.30"]
[SourceQuality "1"]

1. e4 Nf6 2. e5 Nd5 3. d4 d6 4. c4 Nb6 5. f4 Bf5 6. Nf3 e6 7. Nc3 Nc6 8. Be3 dxe5 9. fxe5 Be7 10. Be2 f6 11. 0-0 fxe5 12. Nxe5 Nxe5 13. dxe5 Qxd1 14. Raxd1 a6 15. Bxb6 cxb6 16. Nd5 Rc8 17. Nxe7 Kxe7 18. b3 Be4 19. Rd4 Bc6 20. Bg4 Rhd8 21. Rfd1 Rxd4 22. Rxd4 b5 23. a3 bxc4 24. Rxc4 Rd8 25. Rc3 Rd2 26. Bf3 Bxf3 27. Rxf3 1/2-1/2

[Event "Budapest Vezerkepzo IM 7th"]
[Site "Budapest"]
[Date "2021.07.30"]
[Round "2"]
[White "Nemeth, Zoltan"]
[Black "Aayush, Bhattacherjee"]
[Result "1-0"]
[WhiteElo "2223"]
[BlackElo "2180"]
[PlyCount "113"]
[EventDate "2021.07.29"]
[EventType "tourn"]
[EventRounds "11"]
[EventCountry "HUN"]
[EventCategory "1"]
[SourceTitle "CBM 203 Extra"]
[Source "ChessBase"]
[SourceDate "2021.09.30"]
[SourceVersion "1"]
[SourceVersionDate "2021.09.30"]
[SourceQuality "1"]

1. Nf3 d5 2. c4 e6 3. g3 Nf6 4. Bg2 Be7 5. d4 Ne4 6. 0-0 0-0 7. Nc3 f5 8. Ne5 c6 9. f3 Nd6 10. b3 Nd7 11. c5 Nf7 12. Nxf7 Rxf7 13. e4 Qf8 14. Be3 Nf6 15. Qd2 Bd7 16. e5 Ne8 17. Bg5 Nc7 18. Bxe7 Qxe7 19. f4 Rff8 20. b4 Rfb8 21. Rfb1 b5 22. a4 a6 23. Ra3 Qd8 24. Rba1 Qc8 25. Ne2 Qd8 26. Nc1 Qe8 27. Bf3 Qd8 28. Be2 Qe8 29. Nb3 Qd8 30. Na5 Qe8 31. g4 Qf7 32. Rf1 Qe7 33. axb5 axb5 34. Rg3 Ra7 35. Kh1 Rf8 36. Rfg1 Kh8 37. Bd3 Ne8 38. Qg2 g6 39. Qh3 Kg7 40. gxf5 exf5 41. Rg5 Nc7 42. Rh5 Kg8 43. Rxg6+ hxg6 44. Rh8+ Kf7 45. Rh7+ Ke8 46. Rxe7+ Kxe7 47. Qh7+ Rf7 48. Qxg6 Ne6 49. Bxf5 Nxd4 50. Qd6+ Kd8 51. Bg6 Rxf4 52. Qb8+ Ke7 53. Qxa7 Rg4 54. Bh5 Rg5 55. Qb8 Rxh5 56. Qd6+ Kd8 57. e6 1-0